000 00778nac a22003011ca4500
001 a987663541
008 170707s2008 gw |||| 000u rus d
041 _arus
245 0 0 _aTambovskij komsomol :
_bgrani istorii
264 _aTambov,
_c2008
300 _a2 Bände
650 0 _aJugend
650 0 _aKPdSU
650 0 _aAlltag
650 0 _aReligion
650 0 _aKraevedenie
650 0 _a
651 0 _aTambov
651 0 _aSchwarzerdegebiet
700 1 _aSlezin, A. A.
_eHerausgeberIn
700 1 _aProvalova, L. V.
_eHerausgeberIn
710 2 _aTambovskij gosudarstvennyj techničeskij universitet
710 2 _aCentr dokumentacii novejšej istorii Tambovskoj oblasti
942 _cMG
040 _cRU-10907106
003 RU-10907106
999 _c10153
_d10153